| 000 | 00741nam a2200217Ia 4500 | ||
|---|---|---|---|
| 001 | 2965 | ||
| 003 | GE_BSU | ||
| 008 | 181216s||||||||xx |||||||||||||| ||und|| | ||
| 040 | _cGE_BSU | ||
| 080 | _a541.128(03) | ||
| 100 | _aБакуменко,Т.Т. Белая,А.А. Вольфсон,В.Я. и др. | ||
| 245 | _aКаталитические свойства веществ. | ||
| 245 | _bСправочник. | ||
| 245 | _cПод общей ред. В.Я.Ройтера, ред.:Н.Д.Чепур, Э.Е.Гриценко. | ||
| 260 | _aКиев. | ||
| 260 | _bНаукова Думка. | ||
| 260 | _c1968. | ||
| 300 | _a1462стр.25см. | ||
| 653 | _aКаталитические свойства веществ. | ||
| 942 | _cBK | ||
| 999 |
_c37013 _d37013 |
||